Captain America: The Winter Soldier (2014) character screen time - Statistics

General Stats
  • This quiz has been taken 78 times
  • The average score is 11 of 24
Answer Stats
screen time Answer % Correct
59:00 Steve Rogers
100%
24:45 Natasha Romanoff
95%
15:30 Director Nick Fury
93%
13:15 James "Bucky" Barnes
93%
14:15 Sam Wilson
86%
3:15 Agent Maria Hill
71%
2:30 Agent Sharon Carter
71%
2:15 Peggy Carter
64%
12:45 Alexander Pierce
61%
6:15 Brock Rumlow
46%
2:15 Dr. Arnim Zola
44%
4:00 Agent Jasper Sitwell
41%
1:45 Georges Batroc
29%
:15 Wanda Maximoff
25%
:15 Pietro Maximoff
24%
2:00 Jack Rollins
20%
1:15 Baron Wolfgang von Strucker
19%
:30 Senator Stern
19%
:15 Councilwoman Hawley
17%
1:15 Dr. List
17%
1:00 Cameron Klein
15%
1:00 Councilman Singh
15%
1:00 Councilman Yen
15%
1:00 Councilman Rockwell
14%
No matching quizzes found
Score Distribution
Percent of People with Each Score
Percentile by Number Answered
Your Score History
You have not taken this quiz